Zygfryd Wende (1903-1940)
| Titel: | Zygfryd Wende (1903-1940) |
|---|---|
| Verfasser: | |
| In: |
Kronika Katowic, Band 4 (1993), Seite 170-179, il. 4 alle Artikel anzeigen |
| Veröffentlicht: | 1993 |
| Format: | Aufsatz |
| Sprache: | Polnisch |
X
alg: 39463198 001A $01999:12-11-16 001B $06050:03-09-22 $t11:46:26.000 001C $06050:19-11-16 $t09:24:41.000 001D $01999:12-11-16 001U $0utf8 001X $00 002@ $0Aox 003@ $0394631986 007A $0394631986 $aHEB 007T $0Herdww009844 010@ $apol 011@ $a1993 021A $aZygfryd Wende (1903-1940) 028A $aSteuer $dAntoni 031A $d4 $h170-179, il. 4 $j1993 039B $aIn $8--Abvc--. Kronika Katowic. - Katowice, 1983-. - ISSN 0239-8141 $x199300000040000830 $9048161845 045T $aOST $qDE-12 $2FID 045T $a7,41 lok: 39463198 78 exp: 39463198 78 1 #EPN 201B/01 $025-06-18 $t23:18:04.000 201U/01 $0utf8 203@/01 $0790742454 208@/01 $a12-11-16 $be 209A/01 $a/ $f000 $x00 220C/01 $aTitelaufnehmer: ZG 220C/01 $aHerkunft: IH UWr 244Z/01 $2Trx $#Silesia $#Śląsk $#Sliezsko $#Slezsko $8--Trx--Schlesien $x01 $9391173987 244Z/01 $#Breslau $#Wrocław $#Wrotizla $#Breßlau $#Breßlaw $#Vroclav $#Vratislav $#Vratislavia $#Vratislauiae $#Bresslau $#Wratislavia $#Brassel $#Bresla $#Wratislava $#Smirna $#Breslavia $#Wroclaw $74008216-7 $8--Tg1--Breslau $x02 $9085014184 244Z/01 $#Myslowitz $76102555-0 $8--Tg1--Mysłowice $x03 $9216342317 244Z/01 $#Kattowitz 1922- $71028347-X $8--Tg1--Katowice $x04 $9042044391 244Z/01 $#Ostaskov $#Ostaschkow $#Ostaszkow $#Oßtaschkow $74442220-9 $8--Tg1--Ostashkov $x05 $9088782697 244Z/01 $2Trx $#Tverė $#Twer $#Kalinin 1931-1990 $8--Trx--Tver' $x06 $9391168185 244Z/01 $aGeschichte 1903-1940 $x07 244Z/01 $aWende Zygfryd 1903-1940 $x08 244Z/01 $2Trx $#sport üldine $#sportas bendras $#Sports $#sport általános $#sport ogólnie $#šport všeobecne $#sport všeobecně $#Körperkultur $#kultura fizyczna $#kultúra telesná $#kultura tělesná $8--Trx--Sport$gallgemein $x09 $9391367064 244Z/01 $2Trx $#sport üldine $#sportas bendras $#Sports $#sport általános $#sport ogólnie $#šport všeobecne $#sport všeobecně $#Körperkultur $#kultura fizyczna $#kultúra telesná $#kultura tělesná $8--Trx--Sport$gallgemein $x10 $9391367064 244Z/01 $2Trx $#repressioonid, kommunistlikud $#komunistų represijos $#repression, communist $#elnyomás, kommunista $#represje komunistyczne $#represie, komunistické $#represe komunistické $8--Trx--Repressionen, kommunistische $x11 $9391359835 244Z/01 $2Trx $8--Trx--Zeitschriftenaufsatz $x12 $9391384341 247C/01 $82080>Marburg/Lahn, Herder-Institut, Forschungsbibliothek, Bibliographieportal $9336309341
| LEADER | 00000caa a22000002c 4500 | ||
|---|---|---|---|
| 001 | 394631986 | ||
| 003 | DE-603 | ||
| 005 | 20220903114626.0 | ||
| 007 | tu | ||
| 008 | 161112s1993 xx |||| | u00||u|pol c | ||
| 035 | |a (DE-599)HEB394631986 | ||
| 040 | |a DE-603 |b ger |c DE-603 |d DE-603 | ||
| 041 | |a pol | ||
| 084 | |a OST |q DE-12 |2 fid | ||
| 084 | |a 7,41 |2 ssgn | ||
| 100 | 1 | |a Steuer, Antoni | |
| 245 | 0 | 0 | |a Zygfryd Wende (1903-1940) |
| 264 | 0 | |c 1993 | |
| 773 | 0 | 8 | |i In |t Kronika Katowic |d Katowice, 1983- |x 0239-8141 |g Band 4 (1993), Seite 170-179, il. 4 |w (DE-603)048161845 |w (DE-600)917289-0 |
| 924 | 0 | |9 2080 |a (DE-603)790742454 |b DE-2080 |c HES |d d |g / | |


